000 00589nam a2200181Ia 4500
008 100921s9999 xx 000 0 und d
082 _b41866
_a891.463 न 07
100 _aनागावकर विकास.
245 _aदुनिया.
260 _bमंगल दीप प्रकाशन, पुणे.
_c2007
300 _a198
_bकलाभारती वितरण,पुणे
365 _b180
520 _aललित-कथा.
630 _aदुनिया.
650 _aललित-कथा.
730 _aदुनिया.
942 _cBOOK
999 _c790979
_d790976